Political Theory and Indian Democracy - XII (Record no. 1333)
[ view plain ]
| 000 -LEADER | |
|---|---|
| fixed length control field | 00238nam a22000857a 4500 |
| 008 - FIXED-LENGTH DATA ELEMENTS--GENERAL INFORMATION | |
| fixed length control field | 160630b xxu||||| |||| 00| 0 eng d |
| 100 ## - MAIN ENTRY--PERSONAL NAME | |
| 9 (RLIN) | 1609 |
| Personal name | Tayal, B.B |
| 245 ## - TITLE STATEMENT | |
| Title | Political Theory and Indian Democracy - XII |
| 260 ## - PUBLICATION, DISTRIBUTION, ETC. (IMPRINT) | |
| Place of publication, distribution, etc. | NEW DELHI |
| Name of publisher, distributor, etc. | ARYA |
| Date of publication, distribution, etc. | 2004 |
| Withdrawn status | Lost status | Source of classification or shelving scheme | Damaged status | Not for loan | Home library | Current library | Shelving location | Date acquired | Total Checkouts | Total Renewals | Full call number | Barcode | Date last seen | Date last checked out | Price effective from | Koha item type |
|---|---|---|---|---|---|---|---|---|---|---|---|---|---|---|---|---|
| Dewey Decimal Classification | Good Samaritan School Library | Good Samaritan School Library | POLITICAL SCIENCE | 06/30/2016 | 2 | 1 | TAY320 B-2 | TAY1991 | 04/21/2022 | 01/28/2020 | 06/30/2016 | BOOK |